[Event "European Club Cup"]
[Site "Kazan "]
[Date "1997.11.28"]
[Round "1"]
[White "Agrest , Evgenij"]
[Black "Zvjaginsev , Vadim"]
[Result "1/2-1/2"]
[WhiteElo "2505"]
[BlackElo "2635"]
[PlyCount "105"]
[EventDate "1997.11.28"]

1. c4 e6 2. Nc3 b6 3. e4 Bb7 4. Nf3 Bb4 5. Bd3 Ne7 6. Ne2 f5 7. Ng3 Ng6 8. O-O
f4 9. Ne2 O-O 10. Bb1 Be7 11. d4 c5 12. Bd2 Qc7 13. b3 Nc6 14. Bc3 e5 15. dxe5
Ncxe5 16. Nxe5 Nxe5 17. f3 Ng6 18. Qd2 d6 19. Bc2 Rad8 20. Rad1 Bf6 21. Bxf6
Rxf6 22. e5 Nxe5 23. Nxf4 Qf7 24. Nd5 Bxd5 25. cxd5 Rf8 26. Be4 h6 27. Qe1 g5
28. Qe2 Rf4 29. a4 h5 30. a5 bxa5 31. Qa6 Qc7 32. Ra1 g4 33. Qxa5 Qxa5 34. Rxa5
gxf3 35. gxf3 Nxf3+ 36. Bxf3 Rxf3 37. Rxf3 Rxf3 38. Rxa7 Rf5 39. b4 cxb4 40.
Rb7 Rxd5 41. Rxb4 Kf7 42. Kf2 Rd2+ 43. Kg3 Re2 44. Rh4 Re5 45. Kf3 d5 46. Ra4
Kf6 47. Kf4 Re2 48. Ra6+ Re6 49. Ra4 Rc6 50. Ke3 Rc2 51. Rf4+ Kg6 52. Rd4 Rc3+
53. Kf4 1/2-1/2

[Event "European Club Cup"]
[Site "Kazan "]
[Date "1997.11.28"]
[Round "1"]
[White "Felsberger , Alfred"]
[Black "Dolmatov , Sergey"]
[Result "0-1"]
[WhiteElo "2375"]
[BlackElo "2565"]
[PlyCount "118"]
[EventDate "1997.11.28"]

1. e4 e6 2. d4 d5 3. Nc3 Nf6 4. e5 Nfd7 5. f4 c5 6. Nf3 Nc6 7. Be3 cxd4 8. Nxd4
Bc5 9. Qd2 Nxd4 10. Bxd4 Bxd4 11. Qxd4 Qb6 12. Qxb6 Nxb6 13. Nb5 Ke7 14. O-O-O
Bd7 15. Nd4 Rac8 16. Bd3 Nc4 17. Rde1 Na5 18. Kd2 Nc6 19. Nf3 a6 20. h4 h5 21.
Rhf1 g6 22. a3 Rc7 23. Rh1 Na7 24. Nd4 Bb5 25. Rc1 Rhc8 26. Rhe1 Bc4 27. a4 Nc6
28. Nxc6+ Rxc6 29. g3 Rb6 30. Bxc4 Rxc4 31. b3 Rc5 32. Re3 Rbc6 33. Rd3 b5 34.
axb5 axb5 35. b4 Rc4 36. c3 Ra6 37. Rc2 f6 38. Rd4 Rc8 39. exf6+ Kxf6 40. Ke3
Ra3 41. Rd3 Rc4 42. Kd2 Kf5 43. Re3 Re4 44. Kd3 Rxe3+ 45. Kxe3 e5 46. fxe5 Kxe5
47. Kf2 Ke4 48. Re2+ Kd3 49. Re6 Kxc3 50. Rxg6 d4 51. Rg5 d3 52. Rxb5 Ra1 53.
Rxh5 d2 54. Rd5 d1=Q 55. Rxd1 Rxd1 56. Ke3 Kxb4 57. h5 Kc5 58. Ke4 Kd6 59. Kf5
Ke7 0-1

[Event "European Club Cup"]
[Site "Kazan "]
[Date "1997.11.28"]
[Round "1"]
[White "Rublevsky , Sergei"]
[Black "Minasian , Artashes"]
[Result "1/2-1/2"]
[WhiteElo "2645"]
[BlackElo "2545"]
[PlyCount "77"]
[EventDate "1997.11.28"]

1. e4 g6 2. d4 Bg7 3. Nc3 c6 4. Bc4 d6 5. Nf3 Nf6 6. e5 Nd5 7. Bxd5 cxd5 8. Bf4
Bg4 9. exd6 e6 10. h3 Bxf3 11. Qxf3 Nc6 12. Ne2 Nxd4 13. Nxd4 Bxd4 14. O-O O-O
15. c3 Bg7 16. c4 e5 17. Bd2 Qxd6 18. cxd5 Rfd8 19. Bg5 f6 20. Be3 Qxd5 21.
Qxd5+ Rxd5 22. Rfd1 Rxd1+ 23. Rxd1 f5 24. Rd7 b6 25. g3 Bf6 26. h4 h5 27. b4
Kf8 28. b5 a6 29. a4 axb5 30. axb5 Ra1+ 31. Kg2 Rb1 32. Rd6 Kf7 33. Rxb6 Rb2
34. Rb8 Be7 35. b6 Bd6 36. Rd8 Ke6 37. Rg8 Kf7 38. Rd8 Ke6 39. Rg8 1/2-1/2

[Event "European Club Cup"]
[Site "Kazan "]
[Date "1997.11.28"]
[Round "1"]
[White "Kharlov , Andrei"]
[Black "Nalbandian , Tigran"]
[Result "1-0"]
[WhiteElo "2565"]
[BlackElo "2440"]
[PlyCount "107"]
[EventDate "1997.11.28"]

1. e4 c5 2. c3 d6 3. d4 Nf6 4. dxc5 Nc6 5. f3 d5 6. exd5 Qxd5 7. Qxd5 Nxd5 8.
Bc4 e6 9. Bxd5 exd5 10. Be3 Ne5 11. b3 Nd3+ 12. Kd2 Nxc5 13. Na3 Bd7 14. Ne2
Be7 15. Nc2 O-O 16. Nf4 Rfd8 17. Nd4 Bc6 18. Rhe1 Bf8 19. Rad1 a5 20. Kc2 Nd7
21. a4 Nc5 22. Bf2 Re8 23. Nf5 Nxa4 24. bxa4 Bxa4+ 25. Kd3 Bxd1 26. Rxd1 a4 27.
Bd4 Ra5 28. Ne3 a3 29. Nfxd5 Bc5 30. Nc4 Bxd4 31. Nxa5 Be5 32. Nc4 Bxh2 33.
Nxa3 Re5 34. c4 Rg5 35. Rd2 h5 36. Nb5 h4 37. Nd4 Bd6 38. Ne3 b6 39. Ndf5 Bc5
40. Ke4 g6 41. Nxh4 Bxe3 42. Kxe3 Rc5 43. f4 Rxc4 44. Nf3 Rc6 45. Ne5 Re6 46.
Rd8+ Kg7 47. Rd7 Kg8 48. Kd4 Rf6 49. Ke4 Kg7 50. g4 Kg8 51. Rb7 Kg7 52. g5 Rf5
53. Rxb6 Kg8 54. Nxg6 1-0

[Event "European Club Cup"]
[Site "Kazan "]
[Date "1997.11.28"]
[Round "1"]
[White "Psakhis , Lev"]
[Black "Rozentalis , Eduardas"]
[Result "1/2-1/2"]
[WhiteElo "2565"]
[BlackElo "2645"]
[PlyCount "60"]
[EventDate "1997.11.28"]

1. c4 e6 2. Nf3 Nf6 3. Nc3 Bb4 4. Qc2 O-O 5. a3 Bxc3 6. Qxc3 b6 7. g3 Bb7 8.
Bg2 d6 9. O-O Nbd7 10. b4 c5 11. Bb2 Rc8 12. d3 Qe7 13. e4 Rfd8 14. b5 d5 15.
Rae1 d4 16. Qc2 Nf8 17. Bc1 N6d7 18. Ng5 f6 19. Nh3 Ne5 20. f4 Nf7 21. a4 a5
22. Qe2 Re8 23. g4 e5 24. g5 h6 25. Rf3 Nh7 26. Rg3 Kf8 27. Nf2 Qd6 28. h4 Ke7
29. Nh3 Rh8 30. Kf2 Rcg8 1/2-1/2

[Event "European Club Cup"]
[Site "Kazan "]
[Date "1997.11.28"]
[Round "1"]
[White "Zifroni , Dov"]
[Black "Wojtkiewicz , Aleksander"]
[Result "1-0"]
[WhiteElo "2500"]
[BlackElo "2575"]
[PlyCount "75"]
[EventDate "1997.11.28"]

1. e4 c5 2. c3 Nf6 3. e5 Nd5 4. d4 cxd4 5. Qxd4 e6 6. Nf3 Nc6 7. Qe4 d6 8. Bb5
Bd7 9. c4 Nb6 10. Nc3 a6 11. Bg5 Qc7 12. exd6 Bxd6 13. O-O-O O-O 14. Be3 f5 15.
Qd3 Bf4 16. c5 Nb4 17. cxb6 Nxd3+ 18. Rxd3 Bxe3+ 19. fxe3 Bxb5 20. bxc7 Bxd3
21. Rd1 Rac8 22. Rxd3 Rxc7 23. Rd6 Re8 24. Kd2 h6 25. e4 fxe4 26. Nxe4 Rec8 27.
Nc3 Kf7 28. Nd4 Re8 29. Ke3 Ree7 30. Rb6 Rc5 31. Ne4 Re5 32. Nf3 Ra5 33. Nd6+
Kf8 34. a3 Rc5 35. Nxb7 Rc2 36. g3 e5 37. Nd6 a5 38. Rb8+ 1-0

[Event "European Club Cup"]
[Site "Kazan "]
[Date "1997.11.28"]
[Round "1"]
[White "Socko , Bartosz"]
[Black "Haimovich , Tal"]
[Result "1/2-1/2"]
[WhiteElo "2435"]
[BlackElo "2285"]
[PlyCount "121"]
[EventDate "1997.11.28"]

1. e4 e6 2. d4 d5 3. Nc3 Nf6 4. e5 Nfd7 5. f4 c5 6. Nf3 Nc6 7. Be3 a6 8. Qd2 b5
9. dxc5 Bxc5 10. Bxc5 Nxc5 11. Qf2 Qb6 12. Bd3 b4 13. Ne2 a5 14. O-O Ba6 15.
Kh1 Ne7 16. Nd2 Rb8 17. Bxa6 Nxa6 18. Nd4 Nc5 19. Rae1 Nc6 20. f5 Nxd4 21. Qxd4
Ne4 22. Qxb6 Rxb6 23. Nxe4 dxe4 24. Rxe4 exf5 25. Rxf5 Rc6 26. e6 fxe6 27. h3
Rf8 28. Rxa5 Rf1+ 29. Kh2 Rf2 30. Rxb4 Rcxc2 31. Ra8+ Kf7 32. Ra7+ Kf6 33. Rg4
g5 34. Rxh7 Rxb2 35. Rh6+ Kf7 36. Rxg5 Rxa2 37. h4 e5 38. h5 e4 39. Rh7+ Ke6
40. Rh8 Rf5 41. Rg6+ Ke5 42. Kh3 Kf4 43. Rg4+ Ke3 44. Rg3+ Kf2 45. Rb3 e3 46.
g4 Rf4 47. Re8 Ra1 48. Kh2 e2 49. Rb2 Re1 50. Rb5 Rf3 51. Rf5 Rxf5 52. gxf5 Ra1
53. f6 Ra5 54. Kh3 Rf5 55. Kg4 Rxf6 56. Kg5 Rf3 57. Rxe2+ Kxe2 58. h6 Rg3+ 59.
Kf6 Rh3 60. Kg7 Rg3+ 61. Kf7 1/2-1/2

[Event "European Club Cup"]
[Site "Kazan "]
[Date "1997.11.28"]
[Round "1"]
[White "Gabdrakhmanov , Rafail"]
[Black "Svetushkin , Dmitry"]
[Result "0-1"]
[WhiteElo "2420"]
[BlackElo "2400"]
[PlyCount "80"]
[EventDate "1997.11.28"]

1. Nf3 g6 2. e4 Bg7 3. d4 d6 4. Be2 Nf6 5. Nbd2 O-O 6. O-O Nbd7 7. c3 e5 8. Re1
Re8 9. Bf1 b6 10. d5 Bb7 11. c4 a5 12. Nb1 Nc5 13. Nc3 Bc8 14. Bg5 h6 15. Bd2
Nh7 16. Qc1 Bg4 17. Bxh6 Bxf3 18. gxf3 Qh4 19. Be3 Bf6 20. Qd2 Ng5 21. Bg2 Kg7
22. Rad1 Rh8 23. Kf1 Rh5 24. f4 Nh3 25. Ne2 Re8 26. fxe5 Rhxe5 27. f3 Bg5 28.
Qd4 Bxe3 29. Qxe3 Nxe4 30. fxe4 Rf5+ 31. Bf3 Rxe4 32. Qc3+ Kh7 33. Ng3 Rxf3+
34. Qxf3 Rf4 35. Qxf4 Qxf4+ 36. Kg2 Ng5 37. Rf1 Qxc4 38. h4 Qc2+ 39. Kh1 Nf3
40. Rxf3 Qxd1+ 0-1

[Event "European Club Cup"]
[Site "Kazan "]
[Date "1997.11.28"]
[Round "1"]
[White "Hasangatin , Ramil"]
[Black "Nevednichy , Boris "]
[Result "1/2-1/2"]
[WhiteElo "2470"]
[BlackElo "2360"]
[PlyCount "97"]
[EventDate "1997.11.28"]

1. e4 d5 2. exd5 Nf6 3. Nf3 Nxd5 4. d4 g6 5. c4 Nb6 6. Nc3 Bg7 7. Be2 O-O 8.
O-O Bg4 9. h3 Bxf3 10. Bxf3 c6 11. c5 Nd5 12. Qb3 Qd7 13. Nxd5 cxd5 14. Qxd5
Qxd5 15. Bxd5 Nc6 16. Bxc6 bxc6 17. Be3 Rfd8 18. Rfd1 Rd5 19. Rd2 g5 20. Rad1
h6 21. Kf1 Rad8 22. Ke2 f5 23. f3 Kf7 24. Rd3 Ke6 25. R1d2 R5d7 26. Ra3 f4 27.
Bf2 Bxd4 28. Bxd4 Rxd4 29. Rxd4 Rxd4 30. Ra6 Kd5 31. Rxa7 Rc4 32. Kd3 Rd4+ 33.
Kc3 Rc4+ 34. Kb3 e5 35. Rd7+ Kxc5 36. Re7 Rb4+ 37. Kc3 Rc4+ 38. Kd3 Rd4+ 39.
Ke2 Rc4 40. Rxe5+ Kd6 41. Kd3 Ra4 42. Re8 Rxa2 43. Kc3 Ra1 44. Rh8 Rg1 45.
Rxh6+ Ke5 46. h4 Rxg2 47. hxg5 Rg3 48. Rxc6 Rxf3+ 49. Kd2 1/2-1/2

[Event "European Club Cup"]
[Site "Kazan "]
[Date "1997.11.29"]
[Round "2"]
[White "Chernov , Vadim"]
[Black "Psakhis , Lev"]
[Result "0-1"]
[WhiteElo "2450"]
[BlackElo "2565"]
[PlyCount "64"]
[EventDate "1997.11.29""]

1. e4 c5 2. g3 Nc6 3. Bg2 g6 4. d3 Bg7 5. f4 d6 6. Nf3 e6 7. O-O Nge7 8. c3 O-O
9. Be3 b6 10. Bf2 Ba6 11. Qe2 Qd7 12. Nbd2 Rae8 13. Rfe1 h6 14. Nf1 e5 15. Rad1
d5 16. fxe5 d4 17. cxd4 Nxd4 18. Nxd4 cxd4 19. Nd2 Nc6 20. Nf3 Nxe5 21. Nxe5
Bxe5 22. Bf3 h5 23. Qd2 Kg7 24. Rc1 Rc8 25. Red1 Qd6 26. Kg2 Rh8 27. Be2 Rce8
28. Qc2 Bb5 29. Bf3 Bd7 30. Qc4 Qf6 31. Rf1 h4 32. Bg1 Rc8 0-1

[Event "European Club Cup"]
[Site "Kazan "]
[Date "1997.11.29"]
[Round "2"]
[White "Sanduleac , Vasile"]
[Black "Slutzky , Leonid"]
[Result "1/2-1/2"]
[WhiteElo "2425"]
[BlackElo "2365"]
[PlyCount "91"]
[EventDate "1997.11.29"]

1. e4 c5 2. Nf3 e6 3. d3 Nc6 4. g3 d5 5. Nbd2 g6 6. Bg2 Bg7 7. O-O Nge7 8. Re1
O-O 9. e5 f6 10. exf6 Rxf6 11. c3 Rf8 12. Nf1 Qd6 13. Qe2 Bd7 14. Ne3 Rae8 15.
h4 Nf5 16. Nxf5 gxf5 17. c4 f4 18. gxf4 Nd4 19. Nxd4 Bxd4 20. Be3 Bg7 21. Rad1
Kh8 22. d4 cxd4 23. Bxd4 Qxf4 24. Bxg7+ Kxg7 25. Qe5+ Qxe5 26. Rxe5 Bc6 27.
Rde1 dxc4 28. Bxc6 bxc6 29. Rc5 Rf4 30. Rxc6 Kf6 31. Rc1 Rg8+ 32. Kf1 Rgg4 33.
Re1 Re4 34. Rc7 Rxe1+ 35. Kxe1 Rxh4 36. Rxa7 Ke5 37. Kd2 Kd4 38. Rd7+ Kc5 39.
Rf7 Rh1 40. Rc7+ Kd4 41. a4 h5 42. Rh7 Rb1 43. Kc2 Rf1 44. Rxh5 Rxf2+ 45. Kb1
e5 46. a5 1/2-1/2

[Event "European Club Cup"]
[Site "Kazan "]
[Date "1997.11.29"]
[Round "2"]
[White "Kramnik , Vladimir"]
[Black "Bareev , Evgeny"]
[Result "0-1"]
[WhiteElo "2770"]
[BlackElo "2670"]
[PlyCount "90"]
[EventDate "1997.11.29"]

1. Nf3 d5 2. d4 Nf6 3. c4 e6 4. Nc3 Bb4 5. Qa4+ Nc6 6. a3 Be7 7. cxd5 exd5 8.
Bf4 O-O 9. e3 Bf5 10. Ba6 bxa6 11. Qxc6 Rb8 12. b4 Rb6 13. Qa4 Nh5 14. Bg3 Rh6
15. O-O Nxg3 16. hxg3 Bd6 17. Rfe1 Be4 18. Nxe4 dxe4 19. Nd2 f5 20. Qxa6 Qg5
21. Qe2 Rh5 22. Nc4 Qh6 23. f4 exf3 24. Qxf3 Bxg3 25. Qxg3 f4 26. Qg4 fxe3 27.
Qxh5 Qxh5 28. Nxe3 Qh4 29. Re2 Qxd4 30. Rd1 Qc3 31. Nd5 Qxa3 32. Kh2 h6 33. Re3
Qa6 34. Nxc7 Qc4 35. Nd5 Kh7 36. Red3 Qh4+ 37. Rh3 Qg4 38. Rd2 Rf5 39. Rhd3
Qh4+ 40. Rh3 Qc4 41. Rhd3 Qh4+ 42. Rh3 Qe4 43. Re3 Rh5+ 44. Kg1 Qb1+ 45. Kf2
Rxd5 0-1

[Event "European Club Cup"]
[Site "Kazan "]
[Date "1997.11.29"]
[Round "2"]
[White "Svidler , Peter"]
[Black "Jussupow , Artur"]
[Result "1-0"]
[WhiteElo "2660"]
[BlackElo "2665"]
[PlyCount "83"]
[EventDate "1997.11.29"]

1. e4 e5 2. Nf3 Nf6 3. d4 Nxe4 4. Bd3 d5 5. Nxe5 Nd7 6. Nxd7 Bxd7 7. O-O Be7 8.
c4 Nf6 9. Nc3 Be6 10. c5 O-O 11. Bf4 c6 12. h3 Re8 13. Re1 Nd7 14. Qd2 Bf6 15.
Bc2 Nf8 16. Re2 b6 17. Rae1 bxc5 18. dxc5 Bd7 19. Rxe8 Bxe8 20. b4 Ne6 21. Bd6
g6 22. f4 Bd7 23. Ne2 Bg7 24. f5 gxf5 25. Bxf5 Qh4 26. Rf1 Re8 27. Kh1 Bc8 28.
b5 Bb7 29. Bxe6 Rxe6 30. Nf4 Re8 31. Qa5 Qd8 32. Qxa7 Qd7 33. bxc6 Qxc6 34. Rb1
Ba8 35. Rb6 Qc8 36. Rb8 Qc6 37. Nxd5 Kh8 38. Qc7 Qa4 39. Rxe8+ Qxe8 40. Ne7 Bd4
41. c6 h6 42. Qb8 1-0

[Event "European Club Cup"]
[Site "Kazan "]
[Date "1997.11.29"]
[Round "2"]
[White "Yakovich , Yuri"]
[Black "Kharlov , Andrei"]
[Result "0-1"]
[WhiteElo "2610"]
[BlackElo "2565"]
[PlyCount "108"]
[EventDate "1997.11.29"]

1. d4 d5 2. c4 dxc4 3. e4 Nc6 4. Nf3 Bg4 5. d5 Ne5 6. Bf4 Ng6 7. Be3 e5 8. Bxc4
a6 9. O-O Nf6 10. Be2 Bd6 11. Nfd2 Bd7 12. Nc3 O-O 13. a3 Qe7 14. Nc4 Bc5 15.
Bg5 Qd8 16. Rc1 Bd4 17. Bf3 Bb5 18. Qb3 Bxc4 19. Qxc4 h6 20. Bd2 Ne8 21. Nd1
Bb6 22. a4 Nd6 23. Qc2 Nh4 24. Be2 Qf6 25. Kh1 Rac8 26. f3 Bd4 27. g3 Ng6 28.
Qb3 h5 29. h4 Qd8 30. Ne3 Nf4 31. Rfe1 Nxe2 32. Rxe2 Qd7 33. Kg2 Bxe3 34. Bxe3
f5 35. exf5 Rxf5 36. Bc5 Rcf8 37. Rc3 g5 38. Bxd6 cxd6 39. hxg5 Rxg5 40. Qc4
Qf7 41. Kh2 Rf5 42. Qe4 Kh8 43. Rec2 h4 44. Rc8 hxg3+ 45. Kg2 Qh5 46. Rxf8+
Rxf8 47. Kxg3 Rg8+ 48. Kf2 Qh3 49. Ke3 Rg1 50. Qc4 Qh6+ 51. Kd3 Qh5 52. Qc8+
Rg8 53. Qe6 Qxf3+ 54. Kc4 Rg4+ 0-1

[Event "European Club Cup"]
[Site "Kazan "]
[Date "1997.11.29"]
[Round "2"]
[White "Gabdrakhmanov , Rafail"]
[Black "Gdanski , Jacek"]
[Result "0-1"]
[WhiteElo "2420"]
[BlackElo "2505"]
[PlyCount "104"]
[EventDate "1997.11.29"]

1. Nf3 c5 2. g3 Nc6 3. Bg2 g6 4. O-O Bg7 5. d3 e5 6. c4 Nge7 7. Nc3 O-O 8. a3
d6 9. Rb1 a5 10. Ne1 Be6 11. Nc2 d5 12. cxd5 Nxd5 13. Ne3 Nde7 14. Qa4 Nd4 15.
Qd1 Bb3 16. Qe1 Qc7 17. Bd2 Rad8 18. Nc4 b5 19. Nxb5 Nxb5 20. Bxa5 Qb8 21. Bxd8
Rxd8 22. Rc1 Nd4 23. e3 Ne6 24. Qe2 Qb5 25. Rfe1 h5 26. h4 Kh7 27. Bf1 f5 28.
Bg2 Nc8 29. Bf1 Nb6 30. Nxb6 Qxb6 31. Ra1 Qa5 32. Rec1 c4 33. Rxc4 Bxc4 34.
dxc4 Rd2 35. Qe1 Qd8 36. b4 f4 37. Be2 fxg3 38. fxg3 e4 39. Rd1 Bc3 40. c5 Qd5
41. Rxd2 Bxd2 42. Qf2 Bc1 43. g4 Ng7 44. Qf4 hxg4 45. Bxg4 Bxa3 46. h5 gxh5 47.
Bh3 Bxb4 48. Bg2 Qxc5 49. Bxe4+ Kg8 50. Bd3 Qc1+ 51. Kf2 Qd2+ 52. Be2 Qe1+ 0-1

[Event "European Club Cup"]
[Site "Kazan "]
[Date "1997.11.29"]
[Round "2"]
[White "Chernin , Alexander"]
[Black "Akopian , Vladimir"]
[Result "1-0"]
[WhiteElo "2640"]
[BlackElo "2660"]
[PlyCount "73"]
[EventDate "1997.11.29"]

1. c4 e5 2. Nc3 Nc6 3. g3 g6 4. Bg2 Bg7 5. e4 d6 6. Nge2 Nge7 7. d3 Nd4 8. Nxd4
exd4 9. Ne2 c6 10. O-O O-O 11. h3 Be6 12. b3 f5 13. Bb2 Qb6 14. Rb1 g5 15. exf5
Bxf5 16. g4 Bg6 17. f4 gxf4 18. Nxf4 Be5 19. Bc1 Rf6 20. Rb2 Raf8 21. Rbf2 Qa5
22. a3 R8f7 23. h4 Bxf4 24. Rxf4 Rxf4 25. Bxf4 Qc3 26. Rf3 h6 27. h5 Bh7 28.
Bxh6 d5 29. Qf1 Bxd3 30. Qxd3 Rxf3 31. Qxf3 d3 32. Bf1 dxc4 33. bxc4 Qd4+ 34.
Be3 Qxc4 35. Qf4 Qc2 36. Qe4 Nd5 37. Bd4 1-0

[Event "European Club Cup"]
[Site "Kazan "]
[Date "1997.11.29"]
[Round "2"]
[White "Lputian , Smbat "]
[Black "Razuvaev , Yuri "]
[Result "0-1"]
[WhiteElo "2585"]
[BlackElo "2555"]
[PlyCount "118"]
[EventDate "1997.11.29"]

1. d4 Nf6 2. c4 e6 3. Nf3 b6 4. a3 c5 5. d5 Ba6 6. Qb3 exd5 7. cxd5 d6 8. Bf4
Nh5 9. Bd2 Nf6 10. Bf4 Nh5 11. Bd2 Nf6 12. g3 g6 13. Bf4 Bg7 14. Qe3+ Qe7 15.
Qxe7+ Kxe7 16. Nc3 Nbd7 17. Bh3 h6 18. Bg2 Ng4 19. O-O Nge5 20. Rfe1 Nc4 21.
Bc1 Rhe8 22. Nd2 Nde5 23. Nxc4 Nxc4 24. e4 Ne5 25. Rd1 Kf8 26. a4 Bc4 27. Ra3
g5 28. h3 a5 29. Bf1 Nf3+ 30. Kg2 Bxf1+ 31. Rxf1 Nd4 32. f3 Reb8 33. f4 b5 34.
axb5 Nxb5 35. Nxb5 Rxb5 36. fxg5 Bxb2 37. Bxb2 Rxb2+ 38. Kf3 hxg5 39. Rfa1 Rab8
40. Kg4 R8b4 41. Ra4 Re2 42. Kxg5 Rexe4 43. Rxa5 Kg7 44. g4 Re5+ 45. Kh4 Rxd5
46. Rf1 Rb7 47. Raa1 Rc7 48. Rad1 Rxd1 49. Rxd1 c4 50. Rxd6 c3 51. Rd1 c2 52.
Rc1 Kf6 53. Kh5 Rc8 54. g5+ Kg7 55. Kg4 Kg6 56. h4 Rc4+ 57. Kf3 Kh5 58. Kg3
Rc3+ 59. Kf4 Rc5 0-1

[Event "European Club Cup"]
[Site "Kazan "]
[Date "1997.11.29"]
[Round "2"]
[White "Stanec , Nikolaus"]
[Black "Petrosian , Arshak"]
[Result "1/2-1/2"]
[WhiteElo "2465"]
[BlackElo "2485"]
[PlyCount "28"]
[EventDate "1997.11.29"]

1. c4 Nf6 2. Nc3 e6 3. d4 Bb4 4. e3 O-O 5. Bd3 d5 6. Nge2 dxc4 7. Bxc4 c5 8.
O-O Nbd7 9. a3 cxd4 10. exd4 Be7 11. Ba2 Nb6 12. Nf4 Bd7 13. d5 exd5 14. Nfxd5
Nfxd5 1/2-1/2

[Event "European Club Cup"]
[Site "Kazan"]
[Date "1997.11.30"]
[Round "3"]
[White "Rublevsky , Sergei"]
[Black "Akhmadeev, Vadim"]
[Result "1-0"]
[WhiteElo "2650"]
[BlackElo "2440"]
[PlyCount "72"]
[EventDate "1997.11.30"]

1. e4 c5 2. Nf3 d6 3. Bb5+ Nd7 4. d4 cxd4 5. Qxd4 Ngf6 6. Bg5 a6 7. Bxd7+ Bxd7
8. O-O h6 9. Bxf6 gxf6 10. Nc3 e6 11. Rad1 Be7 12. Qd3 Rc8 13. Nd4 Rc5 14. Kh1
Rg5 15. f4 Rg7 16. f5 Rhg8 17. Rd2 Qc8 18. Qh3 Rh7 19. Nce2 e5 20. Nb3 h5 21.
Nc3 Bc6 22. Qf3 Rg4 23. Rfd1 b6 24. Qe3 Qb7 25. Nd5 Bxd5 26. Rxd5 Rhg7 27. R1d2
Qc6 28. Qd3 R7g5 29. h3 Rg3 30. Qxa6 Re3 31. Na5 Qc7 32. Qa8+ Kd7 33. Nb7 Rxe4
34. Nxd6 Re1+ 35. Kh2 Bxd6 36. Rxd6+ Ke7 1-0

[Event "European Club Cup"]
[Site "Kazan"]
[Date "1997.11.30"]
[Round "3"]
[White "Wojtkiewicz , Aleksander"]
[Black "Krasenkow , Michal"]
[Result "1/2-1/2"]
[WhiteElo "2575"]
[BlackElo "2590"]
[PlyCount "68"]
[EventDate "1997.11.30"]

1. Nf3 Nf6 2. c4 g6 3. g3 Bg7 4. Bg2 O-O 5. d4 c6 6. Nc3 d5 7. Qb3 dxc4 8. Qxc4
Bf5 9. O-O Nbd7 10. Re1 Ne4 11. Qb3 Nb6 12. a4 a5 13. Bf4 Ra6 14. Ne5 Qxd4 15.
e3 Nc5 16. Qxf7+ Rxf7 17. exd4 Bxe5 18. Bxe5 Nd3 19. Re2 Nc4 20. Bc7 Ncxb2 21.
Bd8 Kf8 22. Ne4 Bxe4 23. Bxe4 Ke8 24. Bc7 e6 25. Bd6 Rd7 26. Ba3 Rxd4 27. Bxb2
Nxb2 28. Rxb2 Rxe4 29. Rxb7 Rd4 30. Rxh7 Rd7 31. Rh8+ Kf7 32. Rh7+ Ke8 33. Rh8+
Kf7 34. Rh7+ Ke8 1/2-1/2

[Event "European Club Cup"]
[Site "Kazan"]
[Date "1997.11.30"]
[Round "3"]
[White "Lev , Ronen"]
[Black "Agrest , Evgenij"]
[Result "1/2-1/2"]
[WhiteElo "2455"]
[BlackElo "2505"]
[PlyCount "71"]
[EventDate "1997.11.30"]

1. Nf3 d6 2. d4 g6 3. c4 f5 4. g3 Bg7 5. Bg2 Nf6 6. O-O O-O 7. Nc3 c6 8. b3 Qa5
9. Bd2 Qc7 10. d5 Na6 11. Rc1 Bd7 12. e4 fxe4 13. Ng5 Bg4 14. Qe1 Nc5 15. Qe3
Bh6 16. h3 Bf3 17. Bxf3 exf3 18. Qd4 Qd7 19. Kh2 Bxg5 20. Bxg5 Qf5 21. Bh6 Rf7
22. g4 Qd3 23. Rfd1 Qxd4 24. Rxd4 Ncd7 25. Re1 c5 26. Rdd1 Ne5 27. Kg3 a6 28.
a4 Rb8 29. Bf4 Nfd7 30. Bh6 b6 31. Ne4 b5 32. cxb5 axb5 33. Ng5 Rf6 34. Ne4 Rf7
35. Ng5 Rf6 36. Ne4 1/2-1/2

[Event "European Club Cup"]
[Site "Kazan"]
[Date "1997.11.30"]
[Round "3"]
[White "Akopian , Vladimir"]
[Black "Chernov , Vadim"]
[Result "1-0"]
[WhiteElo "2660"]
[BlackElo "2450"]
[PlyCount "73"]
[EventDate "1997.11.30"]

1. Nf3 Nf6 2. c4 d6 3. d4 Nbd7 4. Nc3 g6 5. g3 Bg7 6. Bg2 O-O 7. O-O c6 8. e4
e5 9. h3 Ne8 10. Be3 f5 11. exf5 gxf5 12. dxe5 dxe5 13. Bg5 Qb6 14. Na4 Qb4 15.
Qb3 Qxb3 16. axb3 Nc7 17. Be3 Na6 18. Rfd1 f4 19. gxf4 exf4 20. Bd4 Bxd4 21.
Rxd4 Ndc5 22. Nxc5 Nxc5 23. Ra3 Bf5 24. b4 Ne6 25. Rd7 Rf7 26. Rd6 Nc7 27. Nd4
Bd7 28. b5 cxb5 29. c5 b4 30. Ra5 Ne8 31. Bxb7 Rb8 32. Bd5 Nxd6 33. Rxa7 Nb7
34. c6 Nc5 35. cxd7 Rd8 36. Bxf7+ Kxf7 37. Nc6 1-0

[Event "European Club Cup"]
[Site "Kazan"]
[Date "1997.11.30"]
[Round "3"]
[White "Slovineanu , Viceslav"]
[Black "Anastasian , Ashot"]
[Result "0-1"]
[WhiteElo "2420"]
[BlackElo "2545"]
[PlyCount "66"]
[EventDate "1997.11.30"]

1. e4 c5 2. Nc3 Nc6 3. g3 g6 4. Bg2 e5 5. d3 Bg7 6. Be3 d6 7. f4 Nge7 8. fxe5
Nxe5 9. Nge2 O-O 10. O-O Bg4 11. Qd2 Bxe2 12. Nxe2 b5 13. Bh6 b4 14. Bxg7 Kxg7
15. a3 bxa3 16. Rxa3 a5 17. b3 Qb6 18. d4 cxd4 19. Qxd4 Qc7 20. Nf4 Rab8 21. h3
Rfc8 22. c4 Rb6 23. Nd5 Nxd5 24. exd5 Rcb8 25. Rxa5 Rxb3 26. Ra7 R8b7 27. Rxb7
Rxb7 28. Qf2 Kg8 29. Qf6 Rb8 30. h4 h5 31. Re1 Re8 32. Kh1 Qa5 33. Rc1 Qa1 0-1

[Event "European Club Cup"]
[Site "Kazan"]
[Date "1997.11.30"]
[Round "3"]
[White "Svetushkin , Dmitry"]
[Black "Petrosian , Arshak"]
[Result "0-1"]
[WhiteElo "2400"]
[BlackElo "2485"]
[PlyCount "128"]
[EventDate "1997.11.30"]

1. e4 c5 2. Nf3 d6 3. Bb5+ Nd7 4. d4 Ngf6 5. Nc3 a6 6. Bxd7+ Nxd7 7. a4 e6 8.
a5 Be7 9. d5 O-O 10. O-O b5 11. axb6 Nxb6 12. Nd2 a5 13. Na4 Nxa4 14. Rxa4 Rb8
15. Re1 Qc7 16. Nc4 Rb4 17. c3 Rxa4 18. Qxa4 Bd8 19. Bf4 e5 20. Be3 Bd7 21. Qa3
Re8 22. b3 f5 23. f3 fxe4 24. fxe4 Bb5 25. Nb2 Rf8 26. c4 Be8 27. Na4 Bg6 28.
Nc3 Bh4 29. g3 Bd8 30. Qc1 Qd7 31. Qd1 h6 32. Kg2 Qe8 33. Rf1 Rxf1 34. Qxf1 Qd7
35. Qf3 h5 36. h3 Qb7 37. Nb5 Qd7 38. Bd2 Kh7 39. Qd3 Kg8 40. Nc3 Qb7 41. Nd1
Qd7 42. Qc2 Kh7 43. Nf2 Be8 44. Kf3 Qa7 45. Qa2 Qa6 46. Nd3 a4 47. bxa4 Qxa4
48. Qxa4 Bxa4 49. Nc1 Bc2 50. h4 Kg8 51. Ke3 g5 52. Be1 Be7 53. Ne2 Bf8 54. Nc3
Bh6 55. hxg5 Bxg5+ 56. Ke2 Kf7 57. Nb5 Ke7 58. Ba5 Kd7 59. Bc7 Be7 60. Ke3 Bg5+
61. Ke2 Ba4 62. Bb8 Be7 63. Kd3 Bxb5 64. cxb5 Kc8 0-1